ARRUPE JESUIT UNIVERSITY

CORONAVIRUS -STOP THE SPREAD - CLEAN,DISINFECT,COVER

As we knew him : (Record no. 129095)

MARC details
000 -LEADER
fixed length control field 01129cam a2200253 a 4500
001 - CONTROL NUMBER
control field 15116607
003 - CONTROL NUMBER IDENTIFIER
control field ARRUPE
005 - DATE AND TIME OF LATEST TRANSACTION
control field 20190222095308.0
008 - FIXED-LENGTH DATA ELEMENTS--GENERAL INFORMATION
fixed length control field 071217s2008 maua b 000 0deng
010 ## - LIBRARY OF CONGRESS CONTROL NUMBER
LC control number 2007050463
020 ## - INTERNATIONAL STANDARD BOOK NUMBER
International Standard Book Number 9781557255396
040 ## - CATALOGING SOURCE
Original cataloging agency DLC
Transcribing agency DLC
Modifying agency DLC
050 00 - LIBRARY OF CONGRESS CALL NUMBER
Classification number BX4705.P423
Item number A88 2008
082 00 - DEWEY DECIMAL CLASSIFICATION NUMBER
Classification number 271/.12502
-- B
Edition number 22
300 ## - PHYSICAL DESCRIPTION
Other physical details ill. ;
Dimensions 21 cm.
245 00 - TITLE STATEMENT
Title As we knew him :
Remainder of title reflections on M. Basil Pennington /
Statement of responsibility, etc edited by Michael Moran and Ann Overton.
260 ## - PUBLICATION, DISTRIBUTION, ETC. (IMPRINT)
Place of publication, distribution, etc Brewster, Mass. :
Name of publisher, distributor, etc Paraclete Press,
Date of publication, distribution, etc c2008.
300 ## - PHYSICAL DESCRIPTION
Extent xiv, 207 p. :
504 ## - BIBLIOGRAPHY, ETC. NOTE
Bibliography, etc Includes bibliographical references (p. [199]-207).
600 10 - SUBJECT ADDED ENTRY--PERSONAL NAME
Personal name Pennington, M. Basil.
9 (RLIN) 44865
700 1# - ADDED ENTRY--PERSONAL NAME
Personal name Moran, Michael.
9 (RLIN) 44866
700 1# - ADDED ENTRY--PERSONAL NAME
Personal name Overton, Ann.
9 (RLIN) 44867
856 41 - ELECTRONIC LOCATION AND ACCESS
Materials specified Table of contents only
Uniform Resource Identifier <a href="http://www.loc.gov/catdir/toc/ecip087/2007050463.html">http://www.loc.gov/catdir/toc/ecip087/2007050463.html</a>
906 ## - LOCAL DATA ELEMENT F, LDF (RLIN)
a 7
b cbc
c orignew
d 1
e ecip
f 20
g y-gencatlg
942 ## - ADDED ENTRY ELEMENTS (KOHA)
Source of classification or shelving scheme Library of Congress Classification
Koha item type Monograph ( Printed materials)
Holdings
Withdrawn status Lost status Source of classification or shelving scheme Damaged status Not for loan Collection code Home library Current library Shelving location Date acquired Total Checkouts Full call number Barcode Date last seen Price effective from Koha item type
    Library of Congress Classification     Main Collection ARRUPE LIBRARY ARRUPE LIBRARY Main Collection 22/02/2019   BX4705.P423 A88 2008 46600003948 22/02/2019 22/02/2019 Monograph ( Printed materials)

 

Arrupe Library. PO Box MP320 Mt Pleasant, Harare, Zimbabwe
263 242 745411|librarian@aju.ac.zw